书目信息 |
| 题名: |
高血脂调治养护手册
|
|
| 作者: | 梁峻 主编 | |
| 分册: | ||
| 出版信息: | 北京 中医古籍出版社 2008.02 |
|
| 页数: | 221页 | |
| 开本: | 24cm | |
| 丛书名: | ||
| 单 册: | ||
| 中图分类: | R589.2 | |
| 科图分类: | ||
| 主题词: | 高血脂病--Gao Xue Zhi Bing--防治--基本知识 | |
| 电子资源: | ||
| ISBN: | 978-7-80174-576-7 | |
| 000 | 00841nam0 2200253 450 | |
| 001 | CAL 012010129751 | |
| 005 | 20111228092923.28 | |
| 010 | @a978-7-80174-576-7@dCNY25.00 | |
| 099 | @aCAL 012010129751 | |
| 100 | @a20100528d2008 em y0chiy0121 ea | |
| 101 | 0 | @achi |
| 102 | @aCN@b110000 | |
| 105 | @aak z 000yy | |
| 200 | 1 | @a高血脂调治养护手册@AGao Xue Zhi Tiao Zhi Yang Hu Shou Ce@f梁峻主编 |
| 210 | @a北京@c中医古籍出版社@d2008.02 | |
| 215 | @a221页@c图@d24cm | |
| 308 | @a版权页丛书名: 三高症调治养护手册 | |
| 330 | @a本书从高血脂的调、治、养、护四个方面入手,介绍了疾病的常识、饮食、起居、运动、心理、护理、用药的方方面面。 | |
| 606 | 0 | @a高血脂病@AGao Xue Zhi Bing@x防治@j基本知识 |
| 690 | @aR589.2@v4 | |
| 701 | 0 | @a梁峻@ALiang Jun@4主编 |
| 801 | 0 | @aCN@bHY@c20111228 |
| 905 | @aZUCC@dR589.2@eL403@f3 | |
| 998 | @aWHHG | |
| 高血脂调治养护手册/梁峻主编.-北京:中医古籍出版社,2008.02 |
| 221页:图;24cm |
| ISBN 978-7-80174-576-7:CNY25.00 |
| 本书从高血脂的调、治、养、护四个方面入手,介绍了疾病的常识、饮食、起居、运动、心理、护理、用药的方方面面。 |
| ● |
| 相关链接 |
|
|
|
正题名:高血脂调治养护手册
索取号:R589.2/L403
 
预约/预借
| 序号 | 登录号 | 条形码 | 馆藏地/架位号 | 状态 | 备注 |
| 1 | 1184337 | 211843371 | 自科库401/401自科库 19排1列5层/ [索取号:R589.2/L403] | 在馆 | |
| 2 | 1184338 | 211843380 | 自科库401/401自科库 19排1列5层/ [索取号:R589.2/L403] | 在馆 | |
| 3 | 1184339 | 211843399 | 自科库401/401自科库 19排1列5层/ [索取号:R589.2/L403] | 在馆 |